|
|
|
|
| LEADER |
01344nam a2200385 a 4500 |
| 001 |
nkc20091965094 |
| 003 |
CZ PrNK |
| 005 |
20090904120010.0 |
| 007 |
ta |
| 008 |
090623s2008 xr a e 000 p cze |
| 015 |
|
|
|a cnb001965094
|
| 020 |
|
|
|a 978-80-903825-1-0
|q (kroužková vazba)
|
| 035 |
|
|
|a (OCoLC)433014864
|
| 040 |
|
|
|a OLA001
|b cze
|d ABA001
|
| 072 |
|
7 |
|a 821.162.3-1
|x Česká poezie
|2 Konspekt
|9 25
|
| 080 |
|
|
|a 821.162.3-1
|2 MRF
|
| 080 |
|
|
|a (0:82-1)
|2 MRF
|
| 080 |
|
|
|a (089.7)
|2 MRF
|
| 100 |
1 |
|
|a Knapová, Ivana,
|d 1967-
|7 mzk2006377740
|4 aut
|
| 245 |
1 |
0 |
|a Andělské bytosti? Dobráci od kosti-- vždy plni radosti! :
|b tak žádné starosti!!! /
|c [Ivana Tošovská ; fotografie Pavel Bílek]
|
| 250 |
|
|
|a 1. vyd.
|
| 260 |
|
|
|a Praha :
|b Ivana Tošovská - Ivka Lehkoživka,
|c c2008
|
| 300 |
|
|
|a [31] l. :
|b il. (převážně barev.) ;
|c 16 cm
|
| 500 |
|
|
|a Část. tištěno napříč
|
| 655 |
|
7 |
|a česká poezie
|7 fd133958
|2 czenas
|
| 655 |
|
7 |
|a pohlednice
|7 fd133047
|2 czenas
|
| 655 |
|
9 |
|a Czech poetry
|2 eczenas
|
| 655 |
|
9 |
|a postcards
|2 eczenas
|
| 700 |
1 |
|
|a Bílek, Pavel
|7 mzk2006377716
|4 pht
|
| 910 |
2 |
|
|a BOA001
|b 1-1226.207
|
| 928 |
9 |
|
|a Ivka Lehkoživka
|
| 990 |
|
|
|a BK
|
| 995 |
|
|
|a 01
|
| 991 |
|
|
|b 200907
|
| 996 |
6 |
|
|b 2610383688
|c 1-1226.207
|l MZK
|r Sklad / do 1 hodiny
|n 0
|p p.v.
|w 001087335
|u 000010
|a 1
|e BOA001
|j MZK50
|s P
|